| 000 | 00866nmm a2200289 a 4500 | ||
|---|---|---|---|
| 003 | AR-BaBNM | ||
| 005 | 20251128205924.0 | ||
| 008 | 108019s1996 ||||||||||||||000 | spa|| | ||
| 020 | _a950-9896-94-2 | ||
| 040 | _cAR-BaBNM | ||
| 245 | 1 | 0 |
_aPlanificar para el cambio _borientación práctica para la elaboración y aplicación de proyectos en el trabajo diario 2do ciclo _n2 |
| 250 | _a1ª ed. | ||
| 260 |
_aBuenos Aires _bEdiciones Docentes Argentinas _c1996 |
||
| 300 | 0 |
_a32 p. _bgráfs. |
|
| 650 | 4 | _aPLANIFICACION | |
| 650 | 4 | _aACTIVIDADES DE LA CLASE | |
| 653 | 0 | _aSEGUNDO CICLO DE LA EGB | |
| 653 | 0 | _aPROYECTOS CURRICULARES | |
| 653 | 0 | _aMAPAS CONCEPTUALES | |
| 700 | 1 | _aAguilar, Marcela | |
| 700 | 1 | _aCasado Paz, Graciela | |
| 700 | 1 | _aPrieto, cecilia | |
| 700 | 1 | _aTorres, Irene | |
| 700 | 1 | _aLevy, Esther | |
| 942 | _cBK | ||
| 998 | _cMAU | ||
| 999 |
_c13319 _d13319 |
||